000 00888nam a22002297a 4500
999 _c18370
_d18370
003 AR-CdUCM
008 190513b ||||| |||| 00| 0 spa d
040 _aMUNICIPALIDAD PROVINCIAL DEL CUSCO
_cBIBLIOTECA MUNICIPAL DEL CUSCO
082 _a372.12 /
_bD64
100 _aWinfred Detjen, Ervin
_938912
245 _aOrientación educacional en la escuela primaria /
260 _aBuenos Aires :
_bKapelusz,
_c1959.
300 _a353 páginas ;
_c20 cm.
440 _aBiblioteca de cultura pedagógica
_936606
505 _aContenido : El estudio del ambiente familiar de los alumnos -- La comprensión de las necesidades físicas del niño -- La investigación de las necesidades sociales del niño ...
650 _aNiño
_922056
650 _aEducación
_9460
650 _aEscuela
_91856
700 _aRitter, Emilio J.
_938913
942 _2ddc
_cLIBROS
945 _arah
_d2019/05/13